000 00361nam a2200121Ia 4500
008 220204s9999 xx 000 0 und d
082 _a631.416.9
_bYOG
100 _aYOGESAN NAIR, J
245 0 _aSukshmamulakangal krishiyil (Trace elements in agriculture).
260 _aTrivandrum
_bState Institute of Languages
_c1973
650 _aTrace elements
942 _cBK
999 _c22838
_d22838